El Fuerte General Paz y el Fortín Algarrobos: arqueología de emplazamientos militares en la frontera oeste de Buenos Aires (1869-1876) /
Պահպանված է:
| Հիմնական հեղինակ: | |
|---|---|
| Այլ հեղինակներ: | , , |
| Ձևաչափ: | Տեքստ |
| Խորագրեր: | |
| Ցուցիչներ: |
Ավելացրեք ցուցիչ
Չկան պիտակներ, Եղեք առաջինը, ով նշում է այս գրառումը!
|
MARC
| LEADER | 00000 a a2200000 04500 | ||
|---|---|---|---|
| 001 | 16058 | ||
| 003 | |||
| 040 | |||
| 100 | |a Bautista Leoni, Juan | ||
| 245 | |a El Fuerte General Paz y el Fortín Algarrobos: |b arqueología de emplazamientos militares en la frontera oeste de Buenos Aires (1869-1876) / |c Juan Bautista Leoni | ||
| 650 | |a SITIOS ARQUEOLOGICOS | ||
| 650 | |a ARGENTINA | ||
| 700 | |a Acedo de Reinoso, Teresa | ||
| 700 | |a Tamburini, Diana Sandra | ||
| 700 | |a Scarafia, Graciela | ||
| 773 | |g volumen 14; páginas 45-58 | ||
| 999 | |c 23132 |d 23132 | ||
